[Event "Regionalliga NO 1213"]
[Site "Bayern"]
[Date "2013.01.13"]
[Round "5.2"]
[White "Walter, Florian"]
[Black "Kraeussling, Andreas"]
[Result "1/2-1/2"]
[WhiteElo "2172"]
[BlackElo "2121"]
[PlyCount "89"]
[EventDate "2012.10.14"]
[EventType "team-tourn"]
[EventRounds "9"]
[EventCountry "GER"]
[SourceTitle "EXT 2015"]
[Source "ChessBase"]
[SourceDate "2014.11.20"]
[SourceVersion "1"]
[SourceVersionDate "2014.11.20"]
[SourceQuality "1"]
[WhiteTeam "Lauf"]
[BlackTeam "Forchheim II"]
[WhiteTeamCountry "GER"]
[BlackTeamCountry "GER"]

1. c4 e6 2. g3 d5 3. Bg2 Nf6 4. Nf3 Be7 5. 0-0 0-0 6. b3 b6 7. Bb2 Bb7 8. d3 c5 9. Nbd2 Nbd7 10. a4 Qc7 11. a5 d4 12. axb6 axb6 13. Qc2 e5 14. Rfe1 Bd6 15. e4 Rxa1 16. Rxa1 Ra8 17. Nh4 Rxa1+ 18. Bxa1 Qb8 19. Qa2 g6 20. Bb2 Qa8 21. Qxa8+ Bxa8 22. Nb1 Nf8 23. Na3 Bc6 24. Bh3 Ne8 25. Bc1 Ne6 26. Bxe6 fxe6 27. Bg5 Bc7 28. Nf3 Kg7 29. Be7 h6 30. g4 Nf6 31. Nb5 Bxb5 32. Bxf6+ Kxf6 33. cxb5 g5 34. Nd2 Kg6 35. Kf1 Kf6 36. Ke2 Kg6 37. Nc4 Kf6 38. Kd2 Kg6 39. Kc2 Kf6 40. Kb2 Kg6 41. Ka3 Kf6 42. Ka4 Ke7 43. Na3 Kf6 44. Nc2 Bd6 45. Na3 1/2-1/2

[Event "Bundesliga 1213"]
[Site "Germany"]
[Date "2012.12.09"]
[Round "6.7"]
[White "Walter, Stefan1111"]
[Black "Kraeussling, Andreas"]
[Result "1/2-1/2"]
[WhiteElo "2358"]
[BlackElo "2268"]
[PlyCount "81"]
[EventDate "2012.10.20"]
[EventType "team-tourn"]
[EventRounds "15"]
[EventCountry "GER"]
[SourceTitle "CBM 152"]
[Source "ChessBase"]
[SourceDate "2013.01.15"]
[SourceVersion "1"]
[SourceVersionDate "2013.01.15"]
[SourceQuality "1"]
[WhiteTeam "Griesheim"]
[BlackTeam "Forchheim"]
[WhiteTeamCountry "GER"]
[BlackTeamCountry "GER"]

1. d4 Nf6 2. c4 e6 3. Nc3 d5 4. Nf3 Be7 5. Bg5 0-0 6. e3 h6 7. Bh4 b6 8. cxd5 Nxd5 9. Bxe7 Qxe7 10. Nxd5 exd5 11. Rc1 Be6 12. Qa4 c5 13. Qa3 Rc8 14. Be2 Kf8 15. dxc5 bxc5 16. 0-0 c4 17. Rc3 Nd7 18. Rfc1 Nb6 19. Nd4 Bd7 20. Bf3 Rc7 21. Ne2 Rac8 22. Nf4 Be6 23. h3 Rc5 24. Rd1 Rb5 25. Rd2 a5 26. Ne2 Qb4 27. Nd4 Rbc5 28. Bd1 Qxa3 29. Rxa3 c3 30. Rxc3 Rxc3 31. bxc3 Rxc3 32. Rb2 Rc1 33. Rxb6 Rxd1+ 34. Kh2 Rd2 35. Kg3 Rxa2 36. Nxe6+ fxe6 37. Rxe6 Kf7 38. Rd6 Rd2 39. Ra6 Ra2 40. Rd6 Rd2 41. Ra6 1/2-1/2

[Event "Landesliga Nord 0708"]
[Site "Bayern"]
[Date "2008.04.06"]
[Round "8.4"]
[White "Kraeussling, Andreas"]
[Black "Nuernberger, Stefan"]
[Result "1/2-1/2"]
[WhiteElo "2131"]
[BlackElo "2049"]
[PlyCount "95"]
[EventDate "2007.10.21"]
[EventType "team-tourn"]
[EventRounds "9"]
[EventCountry "GER"]
[SourceTitle "EXT 2009"]
[Source "ChessBase"]
[SourceDate "2008.11.26"]
[SourceVersion "1"]
[SourceVersionDate "2008.11.26"]
[SourceQuality "1"]
[WhiteTeam "Burgsinn"]
[BlackTeam "Marktleuthen"]
[WhiteTeamCountry "GER"]
[BlackTeamCountry "GER"]

1. d4 Nf6 2. c4 g6 3. Nc3 Bg7 4. e4 d6 5. Be2 c6 6. Nf3 0-0 7. 0-0 e5 8. d5 c5 9. Ne1 Ne8 10. Nd3 f5 11. f3 f4 12. Rb1 Nd7 13. b4 b6 14. Bd2 Ndf6 15. a4 g5 16. a5 h5 17. Nf2 Rf7 18. h3 Bf8 19. Qa4 Bd7 20. Qd1 Rg7 21. bxc5 bxc5 22. a6 Nc7 23. Nb5 Nxa6 24. Ra1 Qc8 25. Ra3 Nb4 26. Rxa7 Rxa7 27. Nxa7 Qb7 28. Nb5 Na6 29. Qa4 g4 30. hxg4 hxg4 31. fxg4 Nxg4 32. Nxg4 Bxg4 33. Qd1 Bd7 34. Rf3 Nc7 35. Rb3 Qc8 36. Nxc7 Qxc7 37. Qe1 Qd8 38. Qf2 Qg5 39. Kf1 Rh7 40. Ke1 Rh1+ 41. Bf1 Qh5 42. Bc3 Be7 43. Kd2 Bh4 44. Qe2 Bg4 45. Qd3 f3 46. gxf3 Rh2+ 47. Kc1 Bg5+ 48. Kb1 1/2-1/2

[Event "Unterfranken-ch M1 59th"]
[Site "Rieneck"]
[Date "2008.03.29"]
[Round "9"]
[White "Golda, Harald"]
[Black "Kraeussling, Andreas"]
[Result "1/2-1/2"]
[WhiteElo "2273"]
[BlackElo "2130"]
[PlyCount "96"]
[EventDate "2008.03.24"]
[EventType "swiss"]
[EventRounds "9"]
[EventCountry "GER"]
[SourceTitle "EXT 2015"]
[Source "ChessBase"]
[SourceDate "2014.11.20"]
[SourceVersion "1"]
[SourceVersionDate "2014.11.20"]
[SourceQuality "1"]

1. Nf3 d5 2. d4 c6 3. c4 e6 4. e3 Nf6 5. Nc3 Nbd7 6. Bd3 dxc4 7. Bxc4 b5 8. Bd3 a6 9. 0-0 c5 10. a4 b4 11. Ne4 Bb7 12. Nxf6+ Nxf6 13. Qe2 cxd4 14. exd4 Be7 15. Bg5 0-0 16. Bxf6 Bxf6 17. Be4 Bd5 18. Rfc1 Qd6 19. Bxd5 Qxd5 20. Rc5 Qb3 21. Qc2 Qxc2 22. Rxc2 Rfd8 23. Rc4 a5 24. Rac1 h6 25. b3 Rd5 26. Rc8+ Rxc8 27. Rxc8+ Kh7 28. Rc4 h5 29. h3 Rd7 30. Kf1 g5 31. g4 hxg4 32. hxg4 Kg6 33. Ke2 Bg7 34. Rc5 f5 35. gxf5+ exf5 36. Rxa5 Bxd4 37. Nxd4 Rxd4 38. Rb5 g4 39. a5 Re4+ 40. Kf1 Kg5 41. a6 Re6 42. Ra5 Re8 43. a7 Ra8 44. Kg2 Kh4 45. Ra4 Kg5 46. f3 gxf3+ 47. Kxf3 Kf6 48. Kf4 Ke6 1/2-1/2

[Event "Unterfranken-ch M1 59th"]
[Site "Rieneck"]
[Date "2008.03.28"]
[Round "8"]
[White "Kraeussling, Andreas"]
[Black "Hofstetter, Hans Joachim"]
[Result "1-0"]
[WhiteElo "2130"]
[BlackElo "2112"]
[PlyCount "74"]
[EventDate "2008.03.24"]
[EventType "swiss"]
[EventRounds "9"]
[EventCountry "GER"]
[SourceTitle "EXT 2015"]
[Source "ChessBase"]
[SourceDate "2014.11.20"]
[SourceVersion "1"]
[SourceVersionDate "2014.11.20"]
[SourceQuality "1"]

1. d4 Nf6 2. c4 e6 3. g3 d5 4. Nf3 dxc4 5. Qa4+ Nbd7 6. Bg2 a6 7. Qxc4 c5 8. 0-0 b5 9. Qc2 Bb7 10. a4 Be4 11. Qd1 c4 12. Bg5 Be7 13. b3 cxb3 14. Qxb3 Bd5 15. Qd3 0-0 16. axb5 axb5 17. Nbd2 b4 18. e4 Bb7 19. e5 Nd5 20. Bxe7 Qxe7 21. Ne4 h6 22. Nd6 N7b6 23. Nd2 f5 24. f4 Bc6 25. Rfc1 Qd7 26. Nb3 Na4 27. Qc4 Bb7 28. Rxa4 Rxa4 29. Nc5 Ne3 30. Qe2 Bxg2 31. Nxd7 Ra3 32. Nxf8 Kxf8 33. Nc4 Bf1 34. Qxe3 Bxc4 35. Qxa3 bxa3 36. Rxc4 a2 37. Ra4 a1R+ 1-0

[Event "Unterfranken-ch M1 59th"]
[Site "Rieneck"]
[Date "2008.03.25"]
[Round "2"]
[White "Mueller, Lutz"]
[Black "Kraeussling, Andreas"]
[Result "1/2-1/2"]
[WhiteElo "1968"]
[BlackElo "2130"]
[PlyCount "158"]
[EventDate "2008.03.24"]
[EventType "swiss"]
[EventRounds "9"]
[EventCountry "GER"]
[SourceTitle "EXT 2015"]
[Source "ChessBase"]
[SourceDate "2014.11.20"]
[SourceVersion "1"]
[SourceVersionDate "2014.11.20"]
[SourceQuality "1"]

1. d4 Nf6 2. Nf3 d6 3. b3 c5 4. e3 cxd4 5. exd4 d5 6. Bd3 Nc6 7. a3 Bg4 8. Bb2 e6 9. 0-0 Be7 10. Nbd2 0-0 11. Re1 a5 12. Qb1 Bh5 13. Ne5 Nxe5 14. dxe5 Ne8 15. Bd4 Nc7 16. Re3 Bg6 17. Nf3 Qd7 18. h4 Nb5 19. Bb2 Rac8 20. h5 Bxd3 21. Rxd3 Qc7 22. a4 Na7 23. c3 h6 24. Qe1 Nc6 25. Rc1 Bc5 26. Qe2 Qb6 27. Nd2 f6 28. exf6 Rxf6 29. Rf3 Rcf8 30. c4 Bd4 31. Ba3 Bc5 32. Bb2 Bd4 33. Ba3 Nb4 34. Rf1 Qc6 35. Rxf6 Bxf6 36. Bxb4 axb4 37. cxd5 exd5 38. Qd3 Rd8 39. Nf3 Qc3 40. Qf5 Qxb3 41. g4 d4 42. Rb1 Qxa4 43. g5 hxg5 44. Qe6+ Kh8 45. h6 Qd7 46. Qe4 Qe7 47. Qd3 gxh6 48. Re1 Qh7 49. Qc4 d3 50. Qxb4 Qf5 51. Nd2 Qf4 52. Re4 Qc7 53. Rc4 Qe7 54. Qa5 Qe5 55. Qb6 Qb2 56. Rb4 Qc1+ 57. Nf1 Qc6 58. Qe3 Bg7 59. Re4 Qf6 60. Nd2 b5 61. Re6 Qf4 62. Qb6 Qf8 63. Kg2 Kh7 64. Qxb5 Qf7 65. Qc4 Qf5 66. Qa6 Rf8 67. Qb6 Rf6 68. Rxf6 Qxf6 69. Qb5 Qd4 70. Qf5+ Kg8 71. Qe6+ Kf8 72. Nb3 Qe5 73. Qc8+ Kf7 74. Qd7+ Kg6 75. Qxd3+ Qf5 76. Qd6+ Bf6 77. Nc5 h5 78. Qc6 h4 79. Qe8+ Kh6 1/2-1/2

[Event "Landesliga Nord 0708"]
[Site "Bayern"]
[Date "2007.11.04"]
[Round "2.3"]
[White "Kraeussling, Andreas"]
[Black "Oehrlein, Thomas"]
[Result "1-0"]
[WhiteElo "2111"]
[BlackElo "2201"]
[PlyCount "65"]
[EventDate "2007.10.21"]
[EventType "team-tourn"]
[EventRounds "9"]
[EventCountry "GER"]
[SourceTitle "EXT 2009"]
[Source "ChessBase"]
[SourceDate "2008.11.26"]
[SourceVersion "1"]
[SourceVersionDate "2008.11.26"]
[SourceQuality "1"]
[WhiteTeam "Burgsinn"]
[BlackTeam "Kulmbach"]
[WhiteTeamCountry "GER"]
[BlackTeamCountry "GER"]

1. d4 e6 2. c4 d5 3. Nf3 c6 4. e3 f5 5. Ne5 Nf6 6. Be2 Be7 7. 0-0 0-0 8. Nc3 Nbd7 9. f4 Nxe5 10. fxe5 Ne4 11. Nxe4 dxe4 12. Bd2 Bg5 13. b4 a5 14. a3 b6 15. c5 Rf7 16. g3 g6 17. cxb6 Rd7 18. Kg2 axb4 19. axb4 Rxa1 20. Qxa1 Qxb6 21. Qa8 Qd8 22. Rc1 Bb7 23. Qxd8+ Rxd8 24. Ra1 Rd7 25. Kf1 Bd8 26. b5 cxb5 27. Bxb5 Rc7 28. Ba5 Rc8 29. Bd7 Ba6+ 30. Kg1 Bxa5 31. Bxe6+ Kg7 32. Bxc8 Bxc8 33. Rxa5 1-0

[Event "Regionalliga NW 0607"]
[Site "Bayern"]
[Date "2006.11.19"]
[Round "3.4"]
[White "Hasenstab, Armin"]
[Black "Kraeussling, Andreas"]
[Result "0-1"]
[WhiteElo "1986"]
[BlackElo "2107"]
[PlyCount "122"]
[EventDate "2006.10.15"]
[EventType "team-tourn"]
[EventRounds "9"]
[EventCountry "GER"]
[SourceTitle "EXT 2008"]
[Source "ChessBase"]
[SourceDate "2007.11.25"]
[SourceVersion "1"]
[SourceVersionDate "2007.11.25"]
[SourceQuality "1"]
[WhiteTeam "Schweinheim"]
[BlackTeam "Burgsinn"]
[WhiteTeamCountry "GER"]
[BlackTeamCountry "GER"]

1. d4 Nf6 2. c4 d6 3. Nc3 e5 4. dxe5 dxe5 5. Qxd8+ Kxd8 6. Bg5 Be7 7. 0-0-0+ Nfd7 8. Bxe7+ Kxe7 9. Nd5+ Kd8 10. e4 c6 11. Ne3 Kc7 12. Nf3 f6 13. Bd3 Nc5 14. Bc2 a5 15. Nd2 Be6 16. Nb3 Ncd7 17. Nd2 Na6 18. a3 Nb6 19. b3 Rhd8 20. Kb2 Rd4 21. Nf3 Rxd1 22. Rxd1 a4 23. Nd2 axb3 24. Bxb3 Nc5 25. Bc2 Rd8 26. Kc3 Nca4+ 27. Bxa4 Nxa4+ 28. Kc2 Nc5 29. Rb1 Ra8 30. Ra1 Rd8 31. Rb1 Ra8 32. Ra1 b5 33. cxb5 cxb5 34. Kc3 Kc6 35. Nc2 Na4+ 36. Kd3 Kc5 37. Nb4 Rd8+ 38. Ke3 Nb2 39. Na6+ Kb6 40. Rc1 Rd3+ 41. Ke2 Rxa3 42. Nb4 Nc4 43. Rc2 Kc5 44. Nd3+ Kd4 45. Nf3+ Kxe4 46. Nc5+ Kd5 47. Nxe6 Kxe6 48. Nd2 Nxd2 49. Kxd2 Ra7 50. Rc5 Rb7 51. Kc3 b4+ 52. Kb3 Kf5 53. f3 Kf4 54. Rc4+ Ke3 55. Rh4 h6 56. Rc4 f5 57. Rc5 Kd4 58. Rc6 e4 59. fxe4 fxe4 60. Rd6+ Ke3 61. Re6 Kd3 0-1

[Event "Regionalliga NW 0607"]
[Site "Bayern"]
[Date "2006.10.15"]
[Round "1.4"]
[White "Vogt, Thomas"]
[Black "Kraeussling, Andreas"]
[Result "1/2-1/2"]
[WhiteElo "1939"]
[BlackElo "2107"]
[PlyCount "83"]
[EventDate "2006.10.15"]
[EventType "team-tourn"]
[EventRounds "9"]
[EventCountry "GER"]
[SourceTitle "EXT 2008"]
[Source "ChessBase"]
[SourceDate "2007.11.25"]
[SourceVersion "1"]
[SourceVersionDate "2007.11.25"]
[SourceQuality "1"]
[WhiteTeam "Wuerzburg II"]
[BlackTeam "Burgsinn"]
[WhiteTeamCountry "GER"]
[BlackTeamCountry "GER"]

1. e4 c6 2. d4 g6 3. Nf3 Bg7 4. Nc3 b5 5. a3 a5 6. Be2 Bb7 7. 0-0 b4 8. axb4 axb4 9. Rxa8 Bxa8 10. Na4 Nf6 11. Bd3 0-0 12. Bd2 Qa5 13. b3 d6 14. Re1 Nbd7 15. e5 Nd5 16. Qc1 c5 17. Bh6 Nc7 18. Bxg7 Kxg7 19. exd6 exd6 20. Be4 Re8 21. Bxa8 Qxa8 22. dxc5 dxc5 23. h3 Rxe1+ 24. Qxe1 Qd5 25. Qa1+ Kg8 26. Qe1 Ne6 27. Nb2 Nf6 28. Nd3 Ne4 29. Qe3 Nd6 30. Qe5 Qxe5 31. Nfxe5 Nd4 32. Nxc5 Nxc2 33. Ned3 Nb5 34. Na6 Nbd4 35. Naxb4 Nxb4 36. Nxb4 Nxb3 37. Kf1 Kf8 38. Ke2 Ke7 39. Ke3 Ke6 40. Nd3 Na5 41. Nc5+ Ke7 42. Kd4 1/2-1/2

[Event "Landesliga Nord 0506"]
[Site "Bayern"]
[Date "2006.01.15"]
[Round "5.1"]
[White "Roth, Norbert"]
[Black "Kraeussling, Andreas"]
[Result "1/2-1/2"]
[WhiteElo "2235"]
[BlackElo "2133"]
[PlyCount "51"]
[EventDate "2005.10.23"]
[EventType "team"]
[EventRounds "9"]
[EventCountry "GER"]
[SourceTitle "EXT 2007"]
[Source "ChessBase"]
[SourceDate "2006.11.23"]
[SourceVersion "1"]
[SourceVersionDate "2006.11.23"]
[SourceQuality "1"]

1. Nf3 Nf6 2. g3 e6 3. Bg2 d5 4. 0-0 Be7 5. d3 0-0 6. Nbd2 b6 7. e4 dxe4 8. dxe4 Bb7 9. Qe2 c5 10. a4 Nc6 11. c3 Qc7 12. Nc4 Ba6 13. e5 Nd5 14. Re1 Na5 15. Nfd2 Rfd8 16. Qg4 Nxc4 17. Nxc4 Bb7 18. Bh6 Bf8 19. h4 Ne7 20. Bxb7 Qxb7 21. Bg5 Rd7 22. Nd6 Qc7 23. h5 Nc6 24. Nc4 Ne7 25. Nd6 Nc6 26. Nc4 1/2-1/2

[Event "Regionalliga NW 0405"]
[Site "Bayern"]
[Date "2005.02.13"]
[Round "7.1"]
[White "Schindler, Viktor"]
[Black "Kraeussling, Andreas"]
[Result "0-1"]
[WhiteElo "2142"]
[BlackElo "2126"]
[PlyCount "77"]
[EventDate "2004.10.24"]
[EventType "team-tourn"]
[EventRounds "9"]
[EventCountry "GER"]
[SourceTitle "EXT 2007"]
[Source "ChessBase"]
[SourceDate "2006.11.23"]
[SourceVersion "1"]
[SourceVersionDate "2006.11.23"]
[SourceQuality "1"]
[WhiteTeam "Hof"]
[BlackTeam "Schweinfurt"]
[WhiteTeamCountry "GER"]
[BlackTeamCountry "GER"]

1. e4 c5 2. Nf3 Nc6 3. d4 cxd4 4. Nxd4 Qb6 5. Nb3 Nf6 6. Nc3 e6 7. a3 Qc7 8. f3 a6 9. Be3 b5 10. Qd2 b4 11. Na4 bxa3 12. bxa3 Rb8 13. Bd3 d5 14. Bf4 Bd6 15. Bxd6 Qxd6 16. Nac5 a5 17. a4 0-0 18. 0-0 Nb4 19. Qf2 dxe4 20. fxe4 Nxd3 21. cxd3 Nd7 22. d4 Nxc5 23. dxc5 Qc7 24. Qe3 Bb7 25. Nd2 Bc6 26. Rfc1 Rb4 27. Nc4 Bxa4 28. Nd6 Bc6 29. Rf1 a4 30. Rf4 Rb3 31. Qf2 f6 32. Rg4 Qe7 33. Qd2 f5 34. exf5 exf5 35. Rg3 Rxg3 36. hxg3 Qe5 37. Rc1 h6 38. Qa2+ Kh7 39. Qf2 0-1

[Event "Regionalliga NW 0405"]
[Site "Bayern"]
[Date "2004.11.28"]
[Round "3.1"]
[White "Kraeussling, Andreas"]
[Black "Herdin, Hans Ulrich"]
[Result "1/2-1/2"]
[WhiteElo "2126"]
[BlackElo "2073"]
[PlyCount "70"]
[EventDate "2004.10.24"]
[EventType "team-tourn"]
[EventRounds "9"]
[EventCountry "GER"]
[SourceTitle "EXT 2007"]
[Source "ChessBase"]
[SourceDate "2006.11.23"]
[SourceVersion "1"]
[SourceVersionDate "2006.11.23"]
[SourceQuality "1"]
[WhiteTeam "Schweinfurt"]
[BlackTeam "Kronach"]
[WhiteTeamCountry "GER"]
[BlackTeamCountry "GER"]

1. d4 Nf6 2. c4 d6 3. Nc3 g6 4. e4 Bg7 5. Be2 0-0 6. Nf3 e5 7. dxe5 dxe5 8. Qxd8 Rxd8 9. Bg5 Re8 10. Nd5 Nxd5 11. cxd5 c6 12. Bc4 cxd5 13. Bxd5 Na6 14. 0-0-0 Nc7 15. Bb3 Be6 16. Rd3 Rac8 17. Kb1 Bxb3 18. Rxb3 b6 19. Rd3 Ne6 20. Rd7 f6 21. Be3 Rc7 22. Rxc7 Nxc7 23. g4 Rd8 24. Rc1 Ne6 25. a4 Bf8 26. Rc6 Rd6 27. Rc8 Kf7 28. Ra8 Rd7 29. g5 Bc5 30. gxf6 Kxf6 31. Bxc5 Nxc5 32. Rf8+ Ke7 33. Rh8 Kf6 34. Rf8+ Ke7 35. Rh8 Kf6 1/2-1/2

[Event "Regionalliga NW 0304"]
[Site "Bayern"]
[Date "2003.12.14"]
[Round "4.1"]
[White "Hofstetter, Hans Joachim"]
[Black "Kraeussling, Andreas"]
[Result "1-0"]
[WhiteElo "2153"]
[BlackElo "2171"]
[PlyCount "127"]
[EventDate "2003.10.12"]
[EventType "team-tourn"]
[EventRounds "9"]
[EventCountry "GER"]
[SourceTitle "EXT 2006"]
[Source "ChessBase"]
[SourceDate "2005.11.24"]
[SourceVersion "1"]
[SourceVersionDate "2005.11.24"]
[SourceQuality "1"]
[WhiteTeam "Koenigshofen"]
[BlackTeam "Schweinfurt"]
[WhiteTeamCountry "GER"]
[BlackTeamCountry "GER"]

1. e4 g6 2. Nc3 Bg7 3. d4 c6 4. f4 d5 5. e5 h5 6. Nf3 Bg4 7. h3 Bxf3 8. Qxf3 e6 9. Be3 h4 10. Bd3 Bf8 11. 0-0 Nh6 12. b3 Nf5 13. Bf2 Ba3 14. Ne2 Qb6 15. Rab1 a5 16. Rfd1 Na6 17. Bxf5 gxf5 18. b4 Qb5 19. Rd3 axb4 20. Rxa3 Qc4 21. Rab3 Qxc2 22. R3b2 Qe4 23. Qxe4 fxe4 24. Rc2 Kd7 25. Be1 b6 26. Bxb4 c5 27. dxc5 bxc5 28. Bxc5 Rhc8 29. Rbc1 Nxc5 30. Rxc5 Rxc5 31. Rxc5 Rxa2 32. Kf1 Rd2 33. Ke1 e3 34. Rc1 Ra2 35. Kf1 Rd2 36. Ke1 Rb2 37. Rc3 Rb1+ 38. Rc1 Rb2 39. Rd1 Kc6 40. Kf1 Kc5 41. Rc1+ Kb4 42. Rc7 Rd2 43. Ke1 Ra2 44. g4 hxg3 45. Nxg3 d4 46. Rd7 Kc4 47. Rc7+ Kd3 48. Rc1 Rg2 49. Rd1+ Kc4 50. Nf1 Rf2 51. Nxe3+ dxe3 52. Rd7 Rxf4 53. Ke2 Rf5 54. h4 Kc5 55. h5 Kc6 56. Ra7 Kd5 57. h6 Ke4 58. Ra4+ Kxe5 59. Rh4 Rg5 60. h7 f6 61. h8Q Rg3 62. Rh5+ Kd4 63. Qxf6+ Kc4 64. Qxe6+ 1-0

[Event "Regionalliga NW 0304"]
[Site "Bayern"]
[Date "2003.10.12"]
[Round "1.1"]
[White "Haba, Zdenek"]
[Black "Kraeussling, Andreas"]
[Result "0-1"]
[WhiteElo "2228"]
[BlackElo "2171"]
[PlyCount "82"]
[EventDate "2003.10.12"]
[EventType "team-tourn"]
[EventRounds "9"]
[EventCountry "GER"]
[SourceTitle "EXT 2006"]
[Source "ChessBase"]
[SourceDate "2005.11.24"]
[SourceVersion "1"]
[SourceVersionDate "2005.11.24"]
[SourceQuality "1"]
[WhiteTeam "Kulmbach"]
[BlackTeam "Schweinfurt"]
[WhiteTeamCountry "GER"]
[BlackTeamCountry "GER"]

1. d4 Nf6 2. c4 d6 3. Nc3 e5 4. d5 Be7 5. e4 0-0 6. h3 a5 7. Be3 c6 8. Nf3 cxd5 9. cxd5 a4 10. Bd3 Qa5 11. Qd2 b5 12. a3 b4 13. axb4 Qxb4 14. Nb5 Na6 15. 0-0 Bd7 16. Nc3 Nc5 17. Bxc5 Qxc5 18. Rfc1 Qb4 19. Nd1 Rfb8 20. Qxb4 Rxb4 21. Nd2 Rbb8 22. g4 Be8 23. Rc2 Nd7 24. f3 Nc5 25. Ra3 Bd7 26. Bf1 g6 27. Nc4 f5 28. exf5 gxf5 29. Nc3 h5 30. Be2 hxg4 31. fxg4 f4 32. Bf3 Rb4 33. Nd2 Rab8 34. Ra2 Be8 35. Nce4 Bg6 36. Rxc5 dxc5 37. d6 Bd8 38. Ra3 Rd4 39. Kf1 Ba5 40. Ke2 Bxd2 41. Nxd2 Rxb2 0-1

[Event "Regionalliga NW 0203"]
[Site "Bayern"]
[Date "2002.10.20"]
[Round "1.1"]
[White "Kraeussling, Andreas"]
[Black "Hofstetter, Hans Joachim"]
[Result "0-1"]
[WhiteElo "2187"]
[BlackElo "2193"]
[PlyCount "56"]
[EventDate "2002.10.20"]
[EventType "team-tourn"]
[EventRounds "9"]
[EventCountry "GER"]
[SourceTitle "EXT 2004"]
[Source "ChessBase"]
[SourceDate "2003.11.25"]
[SourceVersion "1"]
[SourceVersionDate "2003.11.25"]
[SourceQuality "1"]
[WhiteTeam "Schweinfurt"]
[BlackTeam "Koenigshofen"]
[WhiteTeamCountry "GER"]
[BlackTeamCountry "GER"]

1. d4 Nf6 2. c4 e6 3. Nf3 Bb4+ 4. Nbd2 0-0 5. a3 Bxd2+ 6. Bxd2 d5 7. Qc2 Nbd7 8. Bg5 h6 9. Bh4 c6 10. e3 Re8 11. Bd3 dxc4 12. Bxc4 b5 13. Be2 Qb6 14. Nd2 e5 15. dxe5 Rxe5 16. 0-0 Bb7 17. Rfd1 Rae8 18. Nf1 c5 19. f3 c4 20. Bf2 Nc5 21. Nd2 Nd5 22. e4 Nf4 23. Bf1 Qg6 24. Kh1 Ncd3 25. Bd4 Rh5 26. Nb1 Qg3 27. Bg1 Ne1 28. Qe2 Nxe2 0-1

[Event "Oberliga Bayern 0001"]
[Site "Bayern"]
[Date "2001.04.29"]
[Round "9"]
[White "Speckner, Roland"]
[Black "Kraeussling, Andreas"]
[Result "1-0"]
[WhiteElo "2350"]
[BlackElo "2235"]
[PlyCount "65"]
[EventDate "2000.10.15"]
[EventType "team-tourn"]
[EventRounds "9"]
[EventCountry "GER"]
[SourceTitle "EXT 2020"]
[Source "ChessBase"]
[SourceDate "2019.10.17"]
[SourceVersion "1"]
[SourceVersionDate "2019.10.17"]
[SourceQuality "1"]
[WhiteTeam "Regensburg Fortuna"]
[BlackTeam "Marktheidenfeld"]
[WhiteTeamCountry "GER"]
[BlackTeamCountry "GER"]

1. e4 c5 2. Nf3 Nc6 3. d4 cxd4 4. Nxd4 Qb6 5. Nb3 Nf6 6. Nc3 e6 7. Bd3 d6 8. 0-0 Be7 9. Be3 Qc7 10. f4 a6 11. Qf3 b5 12. e5 Nd7 13. exd6 Bxd6 14. Na5 Ndb8 15. Bxb5 axb5 16. Nxb5 Qxa5 17. Nxd6+ Ke7 18. Rad1 Ba6 19. f5 Bxf1 20. f6+ gxf6 21. Ne4 Nd7 22. Bc5+ Kd8 23. Qxf6+ Kc7 24. Rxd7+ Kxd7 25. Qxf7+ Kd8 26. Qf6+ Kc7 27. Qf7+ Kb8 28. Bd6+ Kc8 29. Qxe6+ Kb7 30. Qd7+ Ka6 31. Qxc6+ Qb6+ 32. Nc5+ Ka7 33. Qd7+ 1-0

[Event "Oberliga Bayern 0001"]
[Site "Bayern"]
[Date "2001.02.18"]
[Round "6"]
[White "Kraeussling, Andreas"]
[Black "Eichler, Christoph"]
[Result "1/2-1/2"]
[WhiteElo "2235"]
[BlackElo "1972"]
[PlyCount "107"]
[EventDate "2000.10.15"]
[EventType "team-tourn"]
[EventRounds "9"]
[EventCountry "GER"]
[SourceTitle "EXT 2020"]
[Source "ChessBase"]
[SourceDate "2019.10.17"]
[SourceVersion "1"]
[SourceVersionDate "2019.10.17"]
[SourceQuality "1"]
[WhiteTeam "Marktheidenfeld"]
[BlackTeam "Muenchen 36"]
[WhiteTeamCountry "GER"]
[BlackTeamCountry "GER"]

1. d4 g6 2. c4 Bg7 3. e4 d6 4. Be2 Nc6 5. Nf3 e5 6. Be3 exd4 7. Nxd4 Nge7 8. 0-0 0-0 9. Nc3 f5 10. Nxc6 bxc6 11. Bd4 Bxd4 12. Qxd4 c5 13. Qd2 Bb7 14. exf5 Nxf5 15. Bd3 Qf6 16. Be4 Bxe4 17. Nxe4 Qd4 18. Qxd4 Nxd4 19. Rfd1 Rab8 20. Rd2 Kg7 21. f3 Rb4 22. Rc1 Rfb8 23. b3 Re8 24. Kf2 Rbb8 25. Nc3 Re5 26. Re1 Rxe1 27. Kxe1 Kf7 28. Nd5 c6 29. Nc3 Ke6 30. Ne4 a5 31. Nc3 d5 32. cxd5+ cxd5 33. Kf2 Kd6 34. f4 Rf8 35. Kg3 Kc6 36. Kg4 Re8 37. Kg5 Re3 38. Na4 Re4 39. Kh6 Rxf4 40. Kxh7 Rh4+ 41. Kxg6 Rxh2 42. Kf6 Kd6 43. Rb2 Rh6+ 44. Kg5 Rh8 45. Kf4 Rf8+ 46. Kg3 Rg8+ 47. Kh3 Nf5 48. Rf2 Rh8+ 49. Kg4 Ne3+ 50. Kf3 d4 51. Ke4 Re8+ 52. Kd3 Ng4 53. Rf4 Ne5+ 54. Ke2 1/2-1/2

[Event "BL2-Ost 9900"]
[Site "Germany"]
[Date "2000.03.26"]
[Round "8.3"]
[White "Heidrich, Manfred"]
[Black "Kraeussling, Andreas"]
[Result "1-0"]
[WhiteElo "2395"]
[BlackElo "2355"]
[PlyCount "165"]
[EventDate "1999.10.10"]
[EventType "team-tourn"]
[EventRounds "9"]
[EventCountry "GER"]
[SourceTitle "CBM 075 Extra"]
[Source "ChessBase"]
[SourceDate "2000.05.11"]
[SourceVersion "2"]
[SourceVersionDate "2000.05.11"]
[SourceQuality "1"]
[WhiteTeam "Forchheim"]
[BlackTeam "Marktheidenfeld"]
[WhiteTeamCountry "GER"]
[BlackTeamCountry "GER"]

1. e4 c6 2. d4 d5 3. Nd2 dxe4 4. Nxe4 Bf5 5. Ng3 Bg6 6. h4 h6 7. Nf3 Nd7 8. h5 Bh7 9. Bd3 Bxd3 10. Qxd3 Qc7 11. Bd2 e6 12. 0-0-0 Ngf6 13. Ne4 0-0-0 14. Rh4 Nxe4 15. Qxe4 Bd6 16. Kb1 Kb8 17. c4 c5 18. Bc3 Rhe8 19. Qe2 f6 20. Re4 Nf8 21. dxc5 Bxc5 22. Nd4 e5 23. f4 Bxd4 24. Bxd4 Nd7 25. fxe5 Nxe5 26. Re1 Kc8 27. b3 Re7 28. Bxe5 fxe5 29. Rxe5 Rxe5 30. Qxe5 Qxe5 31. Rxe5 Rd4 32. Re6 Rh4 33. Rg6 Rxh5 34. Rxg7 Rh2 35. Kc2 h5 36. Kc3 h4 37. c5 h3 38. gxh3 Rxh3+ 39. Kc4 a6 40. Kb4 Rh2 41. Ka5 Rh6 42. b4 Rc6 43. Rg8+ Kc7 44. a4 Kd7 45. b5 axb5 46. axb5 Rh6 47. Rf8 Kc7 48. b6+ Kd7 49. Rb8 Kc6 50. Rc8+ Kd5 51. c6 Rxc6 52. Rc7 Rh6 53. Rxb7 Rh1 54. Rc7 Ra1+ 55. Kb5 Kd6 56. Rc2 Kd7 57. b7 Rb1+ 58. Ka6 Ra1+ 59. Kb6 Rb1+ 60. Ka7 Ra1+ 61. Kb8 Rb1 62. Rd2+ Ke7 63. Ra2 Kd7 64. Ka7 Kc7 65. Rc2+ Kd7 66. b8Q Ra1+ 67. Kb7 Rb1+ 68. Ka8 Ra1+ 69. Qa7+ Rxa7+ 70. Kxa7 Kd6 71. Kb6 Kd5 72. Rd2+ Ke5 73. Kc5 Ke4 74. Re2+ Kd3 75. Re5 Kc3 76. Re3+ Kc2 77. Kc4 Kd2 78. Re5 Kc2 79. Re2+ Kd1 80. Kd3 Kc1 81. Kc3 Kb1 82. Re1+ Ka2 83. Rh1 1-0